[Event "CFriend AT-2006-0-00004 email"]
[Site "Chessfriend.com"]
[Date "2006.01.13"]
[Round "1"]
[White "Hein, Christian"]
[Black "Ralls Ii, Richard Nelson"]
[Result "0-1"]
[WhiteElo "1850"]
[BlackElo "2077"]
[PlyCount "46"]
[EventDate "2006.??.??"]
[EventType "tourn (corr)"]
[EventRounds "2"]
[SourceTitle "Corr 2024"]
[Source "ChessBase"]
[SourceDate "2023.10.19"]
[SourceVersion "1"]
[SourceVersionDate "2023.10.19"]
[SourceQuality "1"]

1. e4 e5 2. Bc4 Nf6 3. d4 exd4 4. Nf3 Nxe4 5. Qxd4 Nf6 6. Bg5 Nc6 7. Qe3+ Qe7 8. Bxf6 gxf6 9. Qxe7+ Bxe7 10. 0-0 Ne5 11. Nbd2 c6 12. Rfe1 d5 13. Bb3 Be6 14. Nxe5 fxe5 15. Rxe5 Bf6 16. Re2 Bxb2 17. Rb1 Bc3 18. Nf3 0-0-0 19. Re3 Bf6 20. Rbe1 c5 21. a4 c4 22. Ba2 Rd6 23. Ra1 Bxa1 0-1

[Event "CFriend AT-2005-0-00407 email"]
[Site "Chessfriend.com"]
[Date "2005.12.09"]
[Round "1"]
[White "Hein, Christian"]
[Black "Ralls Ii, Richard Nelson"]
[Result "0-1"]
[WhiteElo "1850"]
[BlackElo "2077"]
[PlyCount "48"]
[EventDate "2005.??.??"]
[EventType "tourn (corr)"]
[EventRounds "2"]
[SourceTitle "Corr 2024"]
[Source "ChessBase"]
[SourceDate "2023.10.19"]
[SourceVersion "1"]
[SourceVersionDate "2023.10.19"]
[SourceQuality "1"]

1. e4 e5 2. Nf3 Nc6 3. a3 Nf6 4. Nc3 d6 5. Bb5 Bd7 6. d3 Be7 7. h3 0-0 8. 0-0 a6 9. Bc4 Be6 10. Bxe6 fxe6 11. Ng5 Qd7 12. f4 exf4 13. Rxf4 h6 14. Rh4 hxg5 15. Bxg5 d5 16. Qe2 d4 17. Nd1 Bd6 18. c3 Bg3 19. Bxf6 Rxf6 20. Rg4 Qd6 21. c4 Raf8 22. Ne3 dxe3 23. Qxe3 Rf1+ 24. Rxf1 Bh2+ 0-1

[Event "CFriend AT-2005-0-00384 email"]
[Site "Chessfriend.com"]
[Date "2005.11.28"]
[Round "1"]
[White "Cade, Stephen"]
[Black "Hein, Christian"]
[Result "1-0"]
[WhiteElo "2123"]
[BlackElo "1850"]
[PlyCount "49"]
[EventDate "2005.??.??"]
[EventType "tourn (corr)"]
[EventRounds "2"]
[SourceTitle "Corr 2024"]
[Source "ChessBase"]
[SourceDate "2023.10.19"]
[SourceVersion "1"]
[SourceVersionDate "2023.10.19"]
[SourceQuality "1"]

1. d4 d5 2. c4 g6 3. cxd5 Qxd5 4. Nc3 Qd8 5. Nf3 Bg7 6. e4 e6 7. Bf4 a6 8. Bc4 Ne7 9. 0-0 b5 10. Bb3 c6 11. Qd2 a5 12. e5 a4 13. Bc2 Ba6 14. Ne4 Nd5 15. Nd6+ Ke7 16. Ng5 h6 17. Ngxf7 Qf8 18. Nxh8 Bxh8 19. Bxh6 Bg7 20. Bg5+ Kd7 21. Bxg6 Nb6 22. Be8+ Kc7 23. Qa5 N8d7 24. Bxd7 b4 25. Bxc6 1-0

[Event "CFriend AT-2005-0-00378 email"]
[Site "Chessfriend.com"]
[Date "2005.11.26"]
[Round "1"]
[White "Malmstrom, Jan"]
[Black "Hein, Christian"]
[Result "1-0"]
[WhiteElo "1915"]
[BlackElo "1850"]
[PlyCount "21"]
[EventDate "2005.??.??"]
[EventType "tourn (corr)"]
[EventRounds "2"]
[SourceTitle "Corr 2024"]
[Source "ChessBase"]
[SourceDate "2023.10.19"]
[SourceVersion "1"]
[SourceVersionDate "2023.10.19"]
[SourceQuality "1"]

1. e4 e5 2. Nf3 Nc6 3. Bb5 Nge7 4. 0-0 a6 5. Bc4 b5 6. Bb3 Bb7 7. d3 d5 8. Nc3 dxe4 9. Ng5 Qd4 10. Bxf7+ Kd8 11. Ne6+ 1-0